Statystyki dla Piłka nożna quiz #21 - Narodowości piłkarzy

Kliknij tutaj aby rozwiązać quiz!

Ogólne statystyki

  • Ten quiz został rozwiązany 81 razy
  • Średni wynik to 13 z 15

Statystyki odpowiedzi

ZagadnienieOdpowiedź% Poprawnych
Który kraj na arenie międzynarodowej reprezentuje Antony?Brazylia
97%
Który kraj na arenie międzynarodowej reprezentuje Hakim Ziyech?Maroko
97%
Który kraj na arenie międzynarodowej reprezentuje Yann Sommer?Szwajcaria
96%
Który kraj na arenie międzynarodowej reprezentuje Laurent Blanc?Francja
95%
Który kraj na arenie międzynarodowej reprezentuje Denzel Dumfries?Holandia
95%
Który kraj na arenie międzynarodowej reprezentuje Lisandro Martínez?Argentyna
94%
Który kraj na arenie międzynarodowej reprezentuje Fabio Cannavaro?Włochy
94%
Który kraj na arenie międzynarodowej reprezentuje Marko Arnautovic?Austria
91%
Który kraj na arenie międzynarodowej reprezentuje Rodrigo de Paul?Argentyna
90%
Który kraj na arenie międzynarodowej reprezentuje Stefan Savic?Czarnogóra
82%
Który kraj na arenie międzynarodowej reprezentuje Thomas Lemar?Francja
81%
Który kraj na arenie międzynarodowej reprezentuje Jordi Sánchez?Hiszpania
81%
Który kraj na arenie międzynarodowej reprezentuje Fernando Muslera?Urugwaj
75%
Który kraj na arenie międzynarodowej reprezentuje Ernest Muci?Albania
71%
Który kraj na arenie międzynarodowej reprezentuje Evan Ferguson?Irlandia
59%

Rozkład punktacji

Percentyl według liczby udzielonych odpowiedzi

Procent ludzi z każdym wynikiem

Twoja historia wyników

Nie rozwiązałeś tego quizu